000 00608nam a2200181Ia 4500
008 100917s9999 xx 000 0 und d
082 _b36227
100 _aमतकरी प्रतिभा
245 _aझुक झुक भाऊ इंजिनवाले
260 _bजोसेफ प्रकाशन
_c1976
300 _a52
365 _b3
520 _aबालविभाग
630 _aझुक झुक भाऊ इंजिनवाले
650 _aबालविभाग
730 _aझुक झुक भाऊ इंजिनवाले
942 _cBOOK
999 _c641621
_d641618